00661cam a22002174a 4500008004100000020002200041100002100063245006900084260004400153300003400197500002000231504004100251650001900292650001800311650003500329650002700364710002500391003000100416005001700417040000900434  a184376637X (pbk.)1 aTullock, Gordon.10aPublic goods, redistribution and rent seeking /cGordon Tullock. aCheltenham :bEdward Elgar Pub.,c2005. avii, 153 p. :bill. ;c22 cm. aIncludes index. aIncludes bibliographical references. 0aSocial choice. 0aPublic goods. 0aDistribution (Economic theory) 0aRent (Economic theory)2 aThe Locke Institute.20230123125437.0 cNUST